000
00218 a2200097 4500
001
43207
100
_a
Mailer, N
245
_a
Miami seege of chicago
260
_a
London
_b
Penguine books ltd
_c
090
_c
27050
_d
27050
942
_a
NUST-CAE
_c
M
_c
18948
999
_c
278280
_d
278280